| 000 | 00690nam a2200193 i 4500 | ||
|---|---|---|---|
| 001 | 30359 | ||
| 003 | ES-MaACL | ||
| 005 | 20251015145002.0 | ||
| 007 | t| | ||
| 008 | 030124s1968 sp ||||1| spa d | ||
| 080 | _a929 Micaela del Santísimo Sacramento, Santa | ||
| 100 | 1 |
_aBarrios Moneo, Alberto. _926031 |
|
| 245 | 1 | 0 |
_aMujer audaz, Santa Micaela del Santísimo Sacramento : _bsu vida, sus empresas, su espíritu : historia documentada / _cAlberto Barrios Moneo. |
| 260 |
_a[Madrid] : _bCoculsa, _c[1968] |
||
| 300 |
_a683 p., 16 lám. ; _c25 cm. |
||
| 600 | 0 | 7 |
_aMaría Micaela del Santísimo Sacramento, _cSanta _2 _9140518 |
| 852 | 4 |
_aES-MaACL _jG-6433 |
|
| 999 |
_c30359 _d30359 |
||